| 000 | 00530nam a2200181Ia 4500 | ||
|---|---|---|---|
| 001 | 10323 | ||
| 005 | 20260306161824.0 | ||
| 008 | 260306t1955||||xx |||||||||||||| ||spa|| | ||
| 041 | _aESP | ||
| 082 |
_a920.008 _bC46 |
||
| 100 |
_aCentro de estudios históricos militares del Perú _eAUT |
||
| 245 | 0 |
_aNuevos estudios sobre el Inca Garcilazo de la Vega: _bactas del symposium realizado en Lima del 17 al 28 de junio de 1955 |
|
| 260 | _c1955 | ||
| 300 |
_a _c |
||
| 650 | _aGEN | ||
| 654 | _aCHU | ||
| 942 |
_cLIB _dJUS _fJUS _2ddc _n |
||
| 999 |
_c10323 _d10323 |
||